A global communication project for the historic industrial city Zlín = Komplexní komunikační projekt pro historicko-průmyslové město Zlín
Saved in:
| Format | Book |
|---|---|
| Language | English Czech |
| Published |
[Místo vydání není známo :
I. Nemec; J. Ludwig,
2004]
|
| Subjects | |
| Physical Description | 55 stran : barevné ilustrace ; 30 cm + 1 CD-ROM |
Cover
| LEADER | 00000nam a2200000 i 4500 | ||
|---|---|---|---|
| 001 | 115593 | ||
| 003 | CZ ZlUTB | ||
| 005 | 20260505135714.0 | ||
| 007 | ta | ||
| 008 | 260505t20042004xx a e c 000 0 eng d | ||
| 040 | |a ZLD002 |b cze |e rda | ||
| 041 | 0 | |a eng |a cze | |
| 043 | |a e-xr--- |a e-xr-zl | ||
| 045 | |a x-y- | ||
| 072 | 7 | |a 338.3/.4 |x Hospodářská a výrobní odvětví |2 Konspekt |9 4 | |
| 080 | |a 338.45(091) |2 MRF | ||
| 080 | |a 685.34 |2 MRF | ||
| 080 | |a 72 |2 MRF | ||
| 080 | |a (437.323) |2 MRF | ||
| 080 | |a (437.23) |2 MRF | ||
| 080 | |a (083.824) |2 MRF | ||
| 080 | |a (084.11) |2 MRF | ||
| 245 | 0 | 2 | |a A global communication project for the historic industrial city Zlín = |b Komplexní komunikační projekt pro historicko-průmyslové město Zlín |
| 246 | 3 | 4 | |a Zlin Bata |
| 264 | 1 | |a [Místo vydání není známo : |b I. Nemec; J. Ludwig, |c 2004] | |
| 300 | |a 55 stran : |b barevné ilustrace ; |c 30 cm + |e 1 CD-ROM | ||
| 336 | |a text |b txt |2 rdacontent | ||
| 336 | |a statický obraz |b sti |2 rdacontent | ||
| 337 | |a bez média |b n |2 rdamedia | ||
| 337 | |a počítač |b c |2 rdamedia | ||
| 338 | |a svazek |b nc |2 rdacarrier | ||
| 338 | |a svazek |b nc |2 rdacarrier | ||
| 500 | |a Rok vydání a nakladatelské údaje převzaty z www stránek digilib.k.utb.cz | ||
| 500 | |a Název na CD-ROM: ZLINBATA : Report 2004 | ||
| 546 | |a Obsahuje souběžný anglický a český text | ||
| 648 | 7 | |a 20.-21. století |7 ch462155 |2 czenas | |
| 650 | 0 | 7 | |a dějiny průmyslu |7 ph488969 |2 czenas |
| 650 | 0 | 7 | |a obuvnický průmysl |7 ph123618 |2 czenas |
| 650 | 0 | 7 | |a architektura |7 ph118586 |2 czenas |
| 650 | 0 | 9 | |a history of industry |2 eczenas |
| 650 | 0 | 9 | |a footwear industry |2 eczenas |
| 650 | 0 | 9 | |a architecture |2 eczenas |
| 651 | 7 | |a Zlín (Česko) |7 ge128609 |2 czenas | |
| 651 | 9 | |a Zlín (Czechia) |2 eczenas | |
| 655 | 7 | |a katalogy výstav |7 fd132536 |2 czenas | |
| 655 | 7 | |a obrazové publikace |7 fd132947 |2 czenas | |
| 655 | 9 | |a exhibition catalogs |2 eczenas | |
| 655 | 9 | |a pictorial works |2 eczenas | |
| 910 | |a ZLD002 | ||
| 942 | |2 udc | ||
| 952 | |0 0 |1 0 |4 0 |5 0 |6 338GLOBAL |7 0 |8 OTHER |9 191011 |a UTBZL |b UTBZL |c 031 |d 2026-05-05 |l 0 |o 338/GLOBAL |p 420010202089 |r 2026-05-05 13:58:10 |v 100.00 |w 2026-05-05 |x N:nákup |y 01 | ||
| 992 | |a BK |b SKNEW | ||
| 999 | |c 115593 |d 115593 | ||